01455agaaa2200313 45000010005000000030009000050050017000140070009000310080040000400400023000800410013001031000046001161300018001622400027001802450163002072460020003702500022003902600098004123000033005105080091005435110015006345200231006495380016008805460013008966500056009097000058009657000064010237000054010873565IT-RoPAU20220918181255.0d cvaizq50131s9999||||xx ||| | || ||und|| aIT-RoPAUcIT-RoPAU aITALIANO aAllers RogergCodice regista SPICS: 44712 aRE LEONE (IL) aLION KING (THE)gT2931 aRE LEONE (IL)cSceneggiatura: Mecchi Irene Roberts Jonathan Woolverton Linda -- Diretto da: Allers RogerpRE LEONE (IL) (Rif. Codice opera principale : D3565) aLION KING (THE) aEdizione Standard aMILANO (STATI UNITI)bWALT DISNEY COMPANY / g"1994 (1° ed.: 1994 ; Ed. Lingua Orig.: 1994)" aVHSbsonoro, col.c85 minuti a"Musica: Zimmer Hans; Sceneggiatura: Mecchi Irene Roberts Jonathan Woolverton Linda; " aAnimazione aSIMBA LOTTA CON CORAGGIO CONTRO IL MALVAGIO ZIO SCAR PER RICONQUISTARE LA CORONA PERDUTA: AL FIANCO DEL LEONCINO CI SONO IL PADRE MUFASA E ALTRI INDIMENTICABILI AMICI COME LA LEONESSA NALA E L'INEFFABILE COPPIA PUMBAA-TIMON... aPAL, STEREO aITALIANO aANIMAZIONEeFILMS [VHS]xCodice MATERIA SPICS: 9960 aAllers Roger e(regista)gCodice regista SPICS: 44712 aMinkoff Robe(regista)gCodice secondo regista SPICS: 44713 aZimmer Hanse(musica)gCodice Musica SPICS: 27223